Top 20 Most Peaceful Countries - Statistics

General Stats
  • This quiz has been taken 41 times
  • The average score is 15 of 20
Answer Stats
Rank Answer % Correct
6 Switzerland
97%
12 Finland
95%
1 Iceland
92%
16 Norway
92%
8 Denmark
89%
4 New Zealand
87%
3 Austria
82%
11 Canada
79%
2 Ireland
79%
14 Australia
76%
19 Belgium
76%
17 Estonia
71%
9 Slovenia
71%
13 Czech Republic
66%
7 Portugal
66%
15 Lithuania
63%
20 South Korea
61%
5 Singapore
50%
18 Hungary
47%
10 Malaysia
26%
No matching quizzes found
Score Distribution
Percent of People with Each Score
Percentile by Number Answered
Your Score History
You have not taken this quiz